000 00424nam a2200157Ia 4500
008 230718s9999 xx 000 0 und d
041 _aeng
082 _a004.1
_bKAN
100 _aKansas D.
_9187118
245 _aStreet Com Guide To Smart Investing In The Internet Era
260 _c2001
_bCurrency
300 _a332
365 _cRs.
_b719.00
700 _aKansas D.
_9187118
906 _dB:797514-Mar-2001
_cCOMP
_b107.85
999 _c301580
_d301580